000 00368nam a22001457a 4500
005 20251007152744.0
008 250930b |||||||| |||| 00| 0 eng d
020 _a978-81-969098-4-0
041 _aeng
100 _aCHATURVVEDI, YATINDRA NATH
_98712
245 _aMAHABHARAT VISHWAKOSH
260 _aUTTAR PRADESH
_bAKSHAR PLANT
_c2024
300 _a214;P
942 _cBK
999 _c8869
_d8867